[Event "Saint Louis GM 7th"]
[Site "Saint Louis"]
[Date "2015.07.19"]
[Round "7"]
[White "Chandra, Akshat"]
[Black "Burnett, Ronald"]
[Result "1-0"]
[WhiteElo "2495"]
[BlackElo "2339"]
[PlyCount "135"]
[EventDate "2015.07.16"]
[EventType "tourn"]
[EventRounds "9"]
[EventCountry "USA"]
[EventCategory "10"]
[SourceTitle "CBM 167 Extra"]
[Source "ChessBase"]
[SourceDate "2015.09.14"]
[SourceVersion "1"]
[SourceVersionDate "2015.09.14"]
[SourceQuality "1"]

1. e4 e5 2. Nf3 Nc6 3. Bb5 a6 4. Ba4 Nf6 5. 0-0 Be7 6. d3 b5 7. Bb3 0-0 8. Nc3 d6 9. a3 Be6 10. Nd5 Na5 11. Nxf6+ Bxf6 12. Bxe6 fxe6 13. b4 Nc6 14. c3 Ne7 15. Be3 a5 16. Qb3 Qd7 17. Rad1 axb4 18. axb4 Nc6 19. Ne1 d5 20. Bc5 Be7 21. Bxe7 Nxe7 22. Nc2 Ng6 23. c4 Nf4 24. cxd5 exd5 25. d4 Qg4 26. Ne3 Qg6 27. Kh1 Qxe4 28. f3 Qg6 29. dxe5 c6 30. g3 Ne6 31. Ng2 Ra4 32. Rde1 Rfa8 33. Qc3 R8a6 34. Nh4 d4 35. Qb3 Qf7 36. f4 Ra3 37. Qd1 Qd7 38. f5 Qd5+ 39. Kg1 Ng5 40. Qg4 h6 41. e6 Re3 42. e7 Ra8 43. f6 gxf6 44. Ng2 Re4 45. Nf4 Qe5 46. Rxe4 Qxe4 47. h4 f5 48. Qh5 Qe3+ 49. Kh1 Qe4+ 50. Kg1 Qe3+ 51. Kh1 Qe4+ 52. Ng2 Qxe7 53. hxg5 Qxg5 54. Qf3 Rd8 55. Nf4 Rd6 56. Re1 Qg4 57. Qb3+ Kf8 58. Qa3 Rf6 59. Qa8+ Kg7 60. Qa7+ Rf7 61. Qxd4+ Kh7 62. Qf2 Rg7 63. Kh2 h5 64. Ng2 Rf7 65. Nf4 Rg7 66. Re6 Rd7 67. Rxc6 Qd1 68. Ng2 1-0

[Event "Saint Louis GM 7th"]
[Site "Saint Louis"]
[Date "2015.07.18"]
[Round "5"]
[White "Rosen, Eric S"]
[Black "Burnett, Ronald"]
[Result "0-1"]
[WhiteElo "2414"]
[BlackElo "2339"]
[PlyCount "44"]
[EventDate "2015.07.16"]
[EventType "tourn"]
[EventRounds "9"]
[EventCountry "USA"]
[EventCategory "10"]
[SourceTitle "CBM 167 Extra"]
[Source "ChessBase"]
[SourceDate "2015.09.14"]
[SourceVersion "1"]
[SourceVersionDate "2015.09.14"]
[SourceQuality "1"]

1. e4 e5 2. Nf3 Nc6 3. c3 Nf6 4. d4 Nxe4 5. d5 Ne7 6. Nxe5 Ng6 7. Nxg6 hxg6 8. Bd3 Nc5 9. Bc2 a5 10. Qe2+ Qe7 11. Be3 b6 12. c4 Ba6 13. Nc3 0-0-0 14. 0-0-0 Re8 15. d6 Qh4 16. dxc7 Qxc4 17. Qf3 Bb7 18. Nd5 Re6 19. b3 Bxd5 20. Rxd5 Qc3 21. Qxf7 Bd6 22. Rhd1 Nxb3+ 0-1

[Event "Saint Louis GM 7th"]
[Site "Saint Louis"]
[Date "2015.07.17"]
[Round "2"]
[White "Burnett, Ronald"]
[Black "Chirila, Ioan Cristian"]
[Result "0-1"]
[WhiteElo "2339"]
[BlackElo "2524"]
[PlyCount "76"]
[EventDate "2015.07.16"]
[EventType "tourn"]
[EventRounds "9"]
[EventCountry "USA"]
[EventCategory "10"]
[SourceTitle "CBM 167 Extra"]
[Source "ChessBase"]
[SourceDate "2015.09.14"]
[SourceVersion "1"]
[SourceVersionDate "2015.09.14"]
[SourceQuality "1"]

1. d4 Nf6 2. Nf3 g6 3. c4 Bg7 4. g3 0-0 5. Bg2 d5 6. cxd5 Nxd5 7. 0-0 Nb6 8. Nc3 Nc6 9. e3 Re8 10. Nh4 e5 11. d5 Ne7 12. e4 Bd7 13. b3 c6 14. Bg5 h6 15. Be3 cxd5 16. exd5 g5 17. Nf3 e4 18. Nxe4 Nexd5 19. Nd4 Qe7 20. Rc1 f5 21. Nxf5 Bxf5 22. Bc5 Qd7 23. Nd6 Re5 24. a4 Bh3 25. Bxh3 Qxh3 26. a5 Nf4 27. gxf4 gxf4 28. Kh1 Rh5 29. Qxh5 Qxh5 30. axb6 axb6 31. Bb4 Qf3+ 32. Kg1 Qg4+ 33. Kh1 Qf3+ 34. Kg1 Rf8 35. Rfe1 Qg4+ 36. Kh1 Qf3+ 37. Kg1 Rf6 38. Rcd1 Qh3 0-1

[Event "Saint Louis GM 7th"]
[Site "Saint Louis"]
[Date "2015.07.17"]
[Round "3"]
[White "Zierk, Steven C"]
[Black "Burnett, Ronald"]
[Result "1-0"]
[WhiteElo "2483"]
[BlackElo "2339"]
[PlyCount "81"]
[EventDate "2015.07.16"]
[EventType "tourn"]
[EventRounds "9"]
[EventCountry "USA"]
[EventCategory "10"]
[SourceTitle "CBM 167 Extra"]
[Source "ChessBase"]
[SourceDate "2015.09.14"]
[SourceVersion "1"]
[SourceVersionDate "2015.09.14"]
[SourceQuality "1"]

1. e4 g6 2. d4 Bg7 3. Nf3 d6 4. Bc4 Nc6 5. c3 Nf6 6. Qe2 e5 7. dxe5 Nxe5 8. Nxe5 dxe5 9. 0-0 0-0 10. Bg5 h6 11. Bh4 Qd6 12. Na3 Qb6 13. Kh1 Nh5 14. f3 a6 15. Rfd1 Kh7 16. Rd2 f5 17. exf5 Bxf5 18. Qf2 Qxf2 19. Bxf2 Nf6 20. Nc2 Rad8 21. Rad1 Rxd2 22. Rxd2 Bxc2 23. Rxc2 Rd8 24. g3 e4 25. f4 Ng4 26. Bg1 h5 27. Re2 Rd1 28. Kg2 b5 29. Bb3 Rb1 30. Bd5 Nf6 31. Bc6 Kg8 32. Bd4 Kf7 33. Be5 Bf8 34. Bxc7 Bc5 35. h3 e3 36. Bb7 b4 37. cxb4 Bxb4 38. Bb6 Bd2 39. Bxa6 Ne4 40. Bc4+ Kf8 41. Bd3 1-0

[Event "Saint Louis GM 7th"]
[Site "Saint Louis"]
[Date "2015.07.16"]
[Round "1"]
[White "Burnett, Ronald"]
[Black "Xiong, Jeffery"]
[Result "0-1"]
[WhiteElo "2339"]
[BlackElo "2523"]
[PlyCount "68"]
[EventDate "2015.07.16"]
[EventType "tourn"]
[EventRounds "9"]
[EventCountry "USA"]
[EventCategory "10"]
[SourceTitle "CBM 167 Extra"]
[Source "ChessBase"]
[SourceDate "2015.09.14"]
[SourceVersion "1"]
[SourceVersionDate "2015.09.14"]
[SourceQuality "1"]

1. d4 Nf6 2. Nf3 e6 3. Bf4 c5 4. c3 Qb6 5. Qb3 d6 6. Nbd2 cxd4 7. cxd4 Nd5 8. Bg3 Qxb3 9. axb3 Nb4 10. Rc1 N8c6 11. Ne4 d5 12. Nd6+ Bxd6 13. Bxd6 f6 14. e3 Kd7 15. Bg3 b6 16. Bb5 Bb7 17. Kd2 Rhc8 18. Ne1 Ba6 19. Bxc6+ Rxc6 20. Rxc6 Nxc6 21. Nc2 Rc8 22. f3 e5 23. Bf2 e4 24. fxe4 Na5 25. Na1 dxe4 26. g4 Bd3 27. Bg3 Nc6 28. d5 Ne5 29. Bxe5 fxe5 30. b4 Kd6 31. Rg1 Kxd5 32. Rg2 Rf8 33. Kc3 Rf3 34. Rg3 Rxg3 0-1

[Event "Saint Louis CCSCSL IM"]
[Site "Saint Louis"]
[Date "2014.11.25"]
[Round "9"]
[White "Burnett, Ronald"]
[Black "Hua, David A"]
[Result "1-0"]
[WhiteElo "2358"]
[BlackElo "2353"]
[PlyCount "101"]
[EventDate "2014.11.21"]
[EventType "tourn"]
[EventRounds "9"]
[EventCountry "USA"]
[EventCategory "2"]
[SourceTitle "CBM 163 Extra"]
[Source "ChessBase"]
[SourceDate "2014.12.23"]
[SourceVersion "1"]
[SourceVersionDate "2014.12.23"]
[SourceQuality "1"]

1. Nf3 Nf6 2. d4 e6 3. g3 b5 4. Qd3 a6 5. Bg5 c5 6. d5 Bb7 7. e4 h6 8. Bxf6 Qxf6 9. Nc3 d6 10. Bg2 Nd7 11. 0-0 e5 12. Bh3 Qd8 13. Nd2 Be7 14. a4 b4 15. Nd1 a5 16. Re1 Nb6 17. Qb5+ Kf8 18. Nc4 Nxc4 19. Qxb7 h5 20. Qb5 Nb6 21. c3 h4 22. Kg2 hxg3 23. hxg3 Bg5 24. Re2 Qc7 25. cxb4 cxb4 26. Ne3 Bxe3 27. Rxe3 Ke7 28. Rf3 f6 29. Qe2 Rh6 30. Re3 Rah8 31. Rh1 g5 32. Qg4 Qd7 33. Qxd7+ Nxd7 34. f3 Rc8 35. Re2 Rc4 36. Bxd7 Rxh1 37. Kxh1 Kxd7 38. Kg2 b3 39. Re3 Rc2+ 40. Kh3 Rxb2 41. Kg4 Rb1 42. Kf5 b2 43. Rb3 Rf1 44. Rb7+ Kc8 45. Rxb2 Rxf3+ 46. Ke6 Rxg3 47. Kxd6 Rc3 48. Ke6 g4 49. d6 Rd3 50. Ke7 g3 51. Rc2+ 1-0

[Event "Saint Louis CCSCSL IM"]
[Site "Saint Louis"]
[Date "2014.11.23"]
[Round "6"]
[White "Brown, Michael William"]
[Black "Burnett, Ronald"]
[Result "1/2-1/2"]
[WhiteElo "2319"]
[BlackElo "2358"]
[PlyCount "96"]
[EventDate "2014.11.21"]
[EventType "tourn"]
[EventRounds "9"]
[EventCountry "USA"]
[EventCategory "2"]
[SourceTitle "CBM 163 Extra"]
[Source "ChessBase"]
[SourceDate "2014.12.23"]
[SourceVersion "1"]
[SourceVersionDate "2014.12.23"]
[SourceQuality "1"]

1. d4 e6 2. c4 b6 3. Nc3 Bb7 4. a3 f5 5. d5 Na6 6. g3 Nf6 7. Bg2 Bd6 8. Nh3 c6 9. 0-0 Be5 10. dxe6 dxe6 11. Qc2 0-0 12. Nf4 Qe7 13. Nd3 Bd4 14. e3 Bxc3 15. Qxc3 Ne4 16. Qc2 c5 17. b3 Ng5 18. Ne5 Bxg2 19. Kxg2 Nb8 20. Bb2 Nd7 21. Rad1 Nxe5 22. Bxe5 Qb7+ 23. f3 Rad8 24. h4 Rxd1 25. Qxd1 Nf7 26. Qa1 Nxe5 27. Qxe5 Qd7 28. e4 Re8 29. Rf2 Rd8 30. exf5 exf5 31. Re2 Kf7 32. a4 Re8 33. Qxe8+ Qxe8 34. Rxe8 Kxe8 35. Kf2 Ke7 36. Ke3 Kf6 37. Kf4 g6 38. Ke3 g5 39. f4 gxh4 40. gxh4 Ke6 41. Kd3 Kd6 42. Kc3 Kc7 43. Kc2 Kb7 44. Kc3 h5 45. Kb2 Ka6 46. Ka2 Kb7 47. Kb2 Kc7 48. Ka2 Kb7 1/2-1/2

[Event "Las Vegas Millionaire op"]
[Site "Las Vegas"]
[Date "2014.10.11"]
[Round "5"]
[White "Burnett, Ronald"]
[Black "Barnett, Alexander Solomon"]
[Result "1-0"]
[WhiteElo "2357"]
[BlackElo "2194"]
[PlyCount "35"]
[EventDate "2014.10.09"]
[EventType "swiss"]
[EventRounds "9"]
[EventCountry "USA"]
[SourceTitle "CBM 162 Extra"]
[Source "ChessBase"]
[SourceDate "2014.10.17"]
[SourceVersion "1"]
[SourceVersionDate "2014.10.17"]
[SourceQuality "1"]

1. c4 e5 2. g3 Nf6 3. Bg2 c6 4. d4 exd4 5. Qxd4 Na6 6. Nc3 d5 7. Bg5 dxc4 8. Qxc4 Nc5 9. Rd1 Bd7 10. Nf3 Ne6 11. 0-0 Be7 12. Bxf6 Bxf6 13. Ne4 b5 14. Qc1 Qe7 15. Rd6 Rc8 16. Rfd1 Rc7 17. Nxf6+ gxf6 18. Nh4 1-0

[Event "Arlington DC op 2nd"]
[Site "Arlington"]
[Date "2014.06.28"]
[Round "6"]
[White "Barbosa, Oliver"]
[Black "Burnett, Ronald"]
[Result "1/2-1/2"]
[WhiteElo "2592"]
[BlackElo "2345"]
[PlyCount "148"]
[EventDate "2014.06.26"]
[EventType "swiss"]
[EventRounds "9"]
[EventCountry "USA"]
[SourceTitle "CBM 161 Extra"]
[Source "ChessBase"]
[SourceDate "2014.08.29"]
[SourceVersion "1"]
[SourceVersionDate "2014.08.29"]
[SourceQuality "1"]

1. d4 Nf6 2. c4 c6 3. Nf3 d5 4. e3 g6 5. Nc3 Bg7 6. Be2 0-0 7. 0-0 dxc4 8. Bxc4 Bg4 9. h3 Bxf3 10. Qxf3 Nbd7 11. Rd1 e5 12. d5 e4 13. Nxe4 Nxe4 14. Qxe4 Nb6 15. Rb1 Re8 16. Qc2 cxd5 17. Bb5 Re6 18. Qb3 Qh4 19. Bd2 Rd8 20. Be2 h5 21. Rbc1 Qa4 22. Rc7 Qxb3 23. axb3 Bxb2 24. Rxb7 Rd7 25. Rxd7 Nxd7 26. Rb1 Be5 27. Rc1 Rb6 28. b4 Nf6 29. Rc8+ Kg7 30. b5 Ne4 31. Bb4 Bd6 32. Bxd6 Nxd6 33. Rc5 Ne4 34. Rc6 Nd6 35. Rc5 Ne4 36. Rxd5 Nc3 37. Rc5 Nxe2+ 38. Kf1 Nc1 39. Rxc1 Rxb5 40. Rc7 Ra5 41. Ke2 Ra4 42. g3 g5 43. Rc5 Kg6 44. f4 gxf4 45. gxf4 Ra2+ 46. Kf3 Rh2 47. Rg5+ Kh6 48. Kg3 Re2 49. Re5 a5 50. Rxa5 Rxe3+ 51. Kh4 Kg6 52. Rg5+ Kf6 53. Rxh5 Re1 54. Ra5 Rg1 55. Kh5 Rf1 56. Kg4 Rg1+ 57. Kf3 Rf1+ 58. Kg3 Rg1+ 59. Kf2 Rb1 60. h4 Rb3 61. Kg2 Kg6 62. Rg5+ Kh6 63. Rd5 Kg6 64. Kf2 Ra3 65. Re5 Rh3 66. Rg5+ Kh6 67. Rg4 f5 68. Rg5 Rxh4 69. Rxf5 Kg6 70. Rg5+ Kf6 71. Kg3 Rh1 72. Ra5 Rg1+ 73. Kf2 Rb1 74. Rc5 Rb3 1/2-1/2

[Event "Arlington DC op 2nd"]
[Site "Arlington"]
[Date "2014.06.27"]
[Round "3"]
[White "Paragua, Mark"]
[Black "Burnett, Ronald"]
[Result "1-0"]
[WhiteElo "2510"]
[BlackElo "2345"]
[PlyCount "75"]
[EventDate "2014.06.26"]
[EventType "swiss"]
[EventRounds "9"]
[EventCountry "USA"]
[SourceTitle "CBM 161 Extra"]
[Source "ChessBase"]
[SourceDate "2014.08.29"]
[SourceVersion "1"]
[SourceVersionDate "2014.08.29"]
[SourceQuality "1"]

1. d4 Nf6 2. Bg5 e6 3. e4 h6 4. Bxf6 Qxf6 5. c3 d6 6. Bd3 Nc6 7. Ne2 e5 8. 0-0 g6 9. Bb5 Bd7 10. d5 Nb8 11. Qb3 Be7 12. f4 0-0 13. Nd2 c6 14. Bd3 Na6 15. Qd1 cxd5 16. exd5 exf4 17. Nxf4 Qg7 18. Bxa6 bxa6 19. Qe2 Bd8 20. Qxa6 Rb8 21. Qxd6 Bb5 22. Rfe1 Bg5 23. g3 Rfd8 24. Qc5 Bxf4 25. gxf4 Qf6 26. Re4 Bd3 27. Qd4 Qf5 28. Re5 Qg4+ 29. Kh1 Bf5 30. Rg1 Qh3 31. Rg3 Qh5 32. Ne4 Kf8 33. Nf6 Qh4 34. Rxf5 Rxb2 35. Nh7+ Kg8 36. Rxg6+ fxg6 37. Nf6+ Kf8 38. Qc5+ 1-0

[Event "Saint Louis IM"]
[Site "Saint Louis"]
[Date "2014.06.01"]
[Round "9"]
[White "Burnett, Ronald"]
[Black "Eckert, Doug D"]
[Result "1/2-1/2"]
[WhiteElo "2344"]
[BlackElo "2255"]
[PlyCount "30"]
[EventDate "2014.05.28"]
[EventType "tourn"]
[EventRounds "9"]
[EventCountry "USA"]
[EventCategory "3"]
[SourceTitle "CBM 160 Extra"]
[Source "ChessBase"]
[SourceDate "2014.07.01"]
[SourceVersion "1"]
[SourceVersionDate "2014.07.01"]
[SourceQuality "1"]

1. Nf3 Nf6 2. c4 g6 3. Nc3 d5 4. cxd5 Nxd5 5. Qc2 Nb6 6. d4 Bg7 7. e4 0-0 8. Be3 Bg4 9. Ne5 Bxe5 10. dxe5 Nc6 11. h3 Be6 12. Rd1 Qc8 13. f4 Rd8 14. Bb5 Nb4 15. Qb1 Bc4 1/2-1/2

[Event "Saint Louis IM"]
[Site "Saint Louis"]
[Date "2014.05.31"]
[Round "7"]
[White "Burnett, Ronald"]
[Black "Ni, Viktorija"]
[Result "1-0"]
[WhiteElo "2344"]
[BlackElo "2206"]
[PlyCount "95"]
[EventDate "2014.05.28"]
[EventType "tourn"]
[EventRounds "9"]
[EventCountry "USA"]
[EventCategory "3"]
[SourceTitle "CBM 160 Extra"]
[Source "ChessBase"]
[SourceDate "2014.07.01"]
[SourceVersion "1"]
[SourceVersionDate "2014.07.01"]
[SourceQuality "1"]

1. d4 Nf6 2. c4 d6 3. Nc3 e5 4. Nf3 Nbd7 5. Bg5 c6 6. Qc2 Qa5 7. 0-0-0 exd4 8. Rxd4 Be7 9. Bd2 Qc7 10. g4 Ne5 11. g5 Nfg4 12. h3 Nxf3 13. exf3 Ne5 14. Be2 g6 15. f4 Bf5 16. Ne4 Nd7 17. Bg4 c5 18. Rd5 Nb6 19. Rxf5 gxf5 20. Bxf5 d5 21. cxd5 Nxd5 22. Re1 Kf8 23. Nc3 Rd8 24. Nxd5 Rxd5 25. Kb1 Rd4 26. Be3 Qa5 27. Re2 Qd8 28. Bxd4 Qxd4 29. Re4 Qd5 30. Re1 Qd4 31. Be4 b5 32. Rd1 Qb4 33. a3 Qa5 34. Bd5 Qb6 35. Ka2 Qg6 36. Qc3 Rg8 37. h4 b4 38. axb4 Qa6+ 39. Kb3 cxb4 40. Qc4 Qxc4+ 41. Bxc4 h6 42. Rd5 hxg5 43. fxg5 Rh8 44. Rf5 Rxh4 45. Rxf7+ Ke8 46. g6 Rg4 47. Bb5+ Kd8 48. g7 1-0

[Event "Saint Louis IM"]
[Site "Saint Louis"]
[Date "2014.05.31"]
[Round "8"]
[White "Homa, Seth"]
[Black "Burnett, Ronald"]
[Result "1-0"]
[WhiteElo "2331"]
[BlackElo "2344"]
[PlyCount "77"]
[EventDate "2014.05.28"]
[EventType "tourn"]
[EventRounds "9"]
[EventCountry "USA"]
[EventCategory "3"]
[SourceTitle "CBM 160 Extra"]
[Source "ChessBase"]
[SourceDate "2014.07.01"]
[SourceVersion "1"]
[SourceVersionDate "2014.07.01"]
[SourceQuality "1"]

1. d4 Nf6 2. c4 e6 3. Nc3 Bb4 4. e3 b6 5. Nge2 Ba6 6. Ng3 Bxc3+ 7. bxc3 Nc6 8. e4 Na5 9. e5 Ng8 10. Qg4 g6 11. Bg5 f6 12. exf6 Kf7 13. h4 h5 14. Qf4 Bxc4 15. Bxc4 Nxc4 16. d5 exd5 17. 0-0 d6 18. Rae1 Nxf6 19. Qd4 c5 20. Qd1 Kg7 21. Re6 Rf8 22. Bxf6+ Rxf6 23. Rxf6 Kxf6 24. Qxd5 Qg8 25. Ne4+ Kg7 26. Qb7+ Kh6 27. Nf6 Qh8 28. g4 hxg4 29. Nxg4+ Kh5 30. Qe7 Qd8 31. Nf6+ Kxh4 32. Qe6 Kg5 33. f4+ Kh6 34. Rf2 Kg7 35. Nh5+ Kf8 36. Qxg6 Ke7 37. Qg7+ Ke6 38. f5+ Kd5 39. Qg2+ 1-0

[Event "Saint Louis IM"]
[Site "Saint Louis"]
[Date "2014.05.29"]
[Round "3"]
[White "Aripov, Iskandar"]
[Black "Burnett, Ronald"]
[Result "1/2-1/2"]
[WhiteElo "2231"]
[BlackElo "2344"]
[PlyCount "84"]
[EventDate "2014.05.28"]
[EventType "tourn"]
[EventRounds "9"]
[EventCountry "USA"]
[EventCategory "3"]
[SourceTitle "CBM 160 Extra"]
[Source "ChessBase"]
[SourceDate "2014.07.01"]
[SourceVersion "1"]
[SourceVersionDate "2014.07.01"]
[SourceQuality "1"]

1. d4 Nf6 2. c4 c6 3. Nf3 g6 4. Nc3 d5 5. e3 Bg7 6. Be2 0-0 7. 0-0 dxc4 8. Bxc4 Bg4 9. h3 Bxf3 10. Qxf3 Nbd7 11. Rd1 e5 12. d5 e4 13. Nxe4 Nxe4 14. Qxe4 Nb6 15. Rb1 Re8 16. Qd3 cxd5 17. Bb5 Re6 18. Qb3 Qh4 19. Bd2 d4 20. Rbc1 Rd8 21. Rc7 Nd5 22. Rd7 Rxd7 23. Bxd7 dxe3 24. Be1 Bd4 25. fxe3 Bxe3+ 26. Kh1 Qf4 27. Ba5 Rd6 28. Qxb7 Kg7 29. Bb5 Nf6 30. Rxd6 Qxd6 31. Qf3 Bd4 32. Bc3 Bxc3 33. Qxc3 h5 34. Bc6 h4 35. Kg1 Kh7 36. Bf3 Qb6+ 37. Kf1 g5 38. a4 Ne8 39. Qe5 Qa6+ 40. Kg1 Qxa4 41. Qxg5 Qd4+ 42. Kh1 Nd6 1/2-1/2